000 00667nam a2200241 i 4500
001 60149
003 ES-MaACL
005 20250827062609.0
007 t|
008 031103s1986 sp ||||1| spa d
020 _a84-340-0244-2
110 1 _aEspaña
_93622
240 0 _aCódigo civil, 1889
245 1 0 _aCódigo civil.
250 _a17ª ed.
260 _aMadrid :
_bBoletín Oficial del Estado, Departamento de Programación Editorial,
_c1986.
300 _a785 p. ;
_c17 cm.
490 1 _aTextos legales ;
_v13
500 _aIndices.
830 0 _aTextos legales ;
_v13
_9178122
852 _aES-MaACL
_jL-11498
_bR.113669
999 _c60149
_d60149